বিষয়বস্তু এড়িয়ে যান
আপনার আকাউন্ট
লগ আউট করুন
লগ ইন করুন
ভাষা
English
Deutsch
Español
Français
Italiano
日本語
Nederlands
Português
Português (Brasil)
中文(简体)
中文(繁體)
Türkçe
עברית
Gaeilge
Cymraeg
Ελληνικά
Català
Euskara
Русский
Čeština
Suomi
Svenska
polski
Dansk
slovenščina
اللغة العربية
বাংলা
Galego
Tiếng Việt
Hrvatski
हिंदी
সমস্ত ক্ষেত্রসমূহ
আখ্যা
লেখক
বিষয়
ডাক সংখ্যা
আইসবিএন/আইএসএসএন
ট্যাগ
অনুসন্ধান
বিস্তৃত
Listen and hear =
স্টাফেদের বিবরণ দেখুন
সাইট করুন
এই ই-মেইলটি
মুদ্রণ
নথি এক্সপোর্ট করুন
এক্সপোর্ট করুন RefWorks
এক্সপোর্ট করুন EndNoteWeb
এক্সপোর্ট করুন EndNote
এক্সপোর্ট করুন MARC
এক্সপোর্ট করুন MARCXML
এক্সপোর্ট করুন RDF
এক্সপোর্ট করুন BibTeX
এক্সপোর্ট করুন RIS
তালিকাভুক্ত করুন
এক্সপোর্ট সম্পূর্ন হয়েছে —
Listen and hear = Tài liệu phát triển kỹ năng nghe trong giao tiếp thường ngày = t.II /
সংরক্ষণ করুন:
গ্রন্থ-পঞ্জীর বিবরন
অন্যান্য লেখক:
Lê Huy Lâm
(dịch và chú giải)
বিন্যাস:
Sách giấy
ভাষা:
Vietnamese
প্রকাশিত:
Tp. HCM :
Nxb. Tp. HCM,
2001
ট্যাগগুলো:
ট্যাগ যুক্ত করুন
কোনো ট্যাগ নেই, প্রথমজন হিসাবে ট্যাগ করুন!
Thư viện lưu trữ:
Thư viện Trường Đại học Đà Lạt
হোল্ডিংস
বিবরন
মন্তব্য করুন
অনুরূপ উপাদানগুলি
স্টাফেদের বিবরণ দেখুন
LEADER
00779nam a2200265 4500
001
DLU030000000
005
##20030728
008
##030728t vn z000 vie d
040
#
#
|a
DLU
|b
vie
041
#
#
|a
vie
044
#
#
|a
vn
082
#
#
|a
428.3
|b
Lis
245
#
#
|a
Listen and hear =
|b
Tài liệu phát triển kỹ năng nghe trong giao tiếp thường ngày =
|b
Trình độ sơ cấp - Trung cấp.
|n
t.II /
|c
Lê Huy Lâm dịch và chú giải
260
#
#
|a
Tp. HCM :
|b
Nxb. Tp. HCM,
|c
2001
300
#
#
|a
159 tr. ;
|c
20 cm
700
#
#
|a
Lê Huy Lâm
|e
dịch và chú giải
992
#
#
|a
22000
994
#
#
|a
DLU
900
#
#
|a
True
911
#
#
|a
Nguyễn An Thanh
925
#
#
|a
G
926
#
#
|a
A
927
#
#
|a
SH
980
#
#
|a
Thư viện Trường Đại học Đà Lạt
অনুরূপ উপাদানগুলি
Listen and hear : Tài liệu phát triển kỹ năng nghe trong giao tiếp thường ngày : Trình độ sơ cấp - Trung cấp.
প্রকাশিত: (2001)
Listen and hear : Tài liệu phát triển kỹ năng nghe trong giao tiếp thường ngày = Trình độ sơ cấp - Trung cấp.
প্রকাশিত: (2001)
Listen and hear 1 : Tài liệu phát triển kỹ năng nghe trong giao tiếp thường ngày, trình độ sơ cấp, trung cấp
প্রকাশিত: (2001)
Listen and hear 2 : Tài liệu phát triển kỹ năng nghe trong giao tiếp thường ngày, trình độ sơ cấp, trung cấp
প্রকাশিত: (2001)
Listen and hear 3 : Tài liệu phát triển kỹ năng nghe trong giao tiếp thường ngày, trình độ sơ cấp, trung cấp
প্রকাশিত: (2001)
লোডিং...